Welcher Dartspieler? #3 - Statistiken

Allgemein
  • Dieses Quiz wurde 484 mal gespielt
  • Das Durchschnittsergebnis liegt bei 9 aus 15
Antwortstatistiken
Bildquiz Antwort % Korrekt
Dimitri Van den Bergh
97%
José de Sousa
94%
Mensur Suljovic
89%
Mervyn King
83%
William O'Connor
77%
Jeffrey De Zwaan
74%
Devon Petersen
56%
Eric Bristow
53%
Keegan Brown
52%
Bradley Brooks
51%
Steve Lennon
49%
Ryan Meikle
48%
Wesley Plaisier
39%
Colin Lloyd
35%
Maik Kuivenhoven
31%
Keine übereinstimmenden Quizze gefunden
Verteilung der Resultate
Anzahl Personen mit jedem Resultat
Perzentil nach korrekt beantworteten Fragen
Ihre Resultats-Entwicklung
Sie haben dieses Quiz noch nicht gespielt